00330nam a2200133Ia 4500003000400000008004100004040001600045082001300061100001800074245005700092300001000149650001500159650002200174GCL140319s9999 xx 000 0 eng d aGCL / cGCL04a843bE S1 aERNEST, RENAN10aSOURENIRS D'ENFANCE ET DE JEUNESSE / cERNEST, RENAN a332 P04aLITERATURE04aFRENCH LITERATURE